00753nam a22002417a 450000500170000001000120001702000220002903500120005103700160006304000120007908200170009110000190010824500390012726000350016627000380020130000220023950000190026165000310028065000320031194200260034399900190036995201230038820170124105933.0 aB-19279 c00.00a8187317558 aB-19757 bCen Lib/Ret aDPLbEN a370.113bRAO aRao, V K91596 aVocational education /cby V K Rao aDelhibRajat Publicationc1999 a4/32, Geeta ColonybDelhie110031 av,302p.c21cm(Hb) aIncludes index aVocational education97658 aOccupational training98886 2ddccENh370.113mRAO c124010d124010 00104070aLbLd2015-06-13eCen Lib/Retg0.00l0o370.113 RAOpB-19757r2015-06-13 00:00:00t1v0.00w2015-06-13yEN